000 01236nam a2200373 c 4500
001 45980
003 ES-MaCES
005 20150622130858.0
008 150617s2014 fr i000 ||eng d
020 _a9789264213845
020 _a9789264213944 (pdf)
040 _aES-MaCES
_bspa
_cES-MaCES
245 0 0 _aWomen in business 2014
_b: accelerating entrepreneurship in the Middle East and North Africa Region
260 _aParís
_bOECD
_c[2014]
300 _a163 p.
_bgráf. bl. y n.
_c28 cm
504 _aBibliografía: p. 153-159
541 _cGratuito
650 4 _amujeres
_928657
650 4 _anegocios
_928176
650 4 _atrabajadora
_928413
650 4 _aempresaria
_930568
650 4 _acapacidad empresarial
_930588
650 4 _adiscriminación por razones de sexo
_929521
650 4 _apotenciación de las mujeres
_930610
650 4 _aplanificación en función del género
_930645
650 4 _aAfrica Oriental
_926994
650 4 _aAfrica del Norte
_926831
650 4 _a2014
_934918
650 4 _arepertorio de recomendaciones prácticas
_929261
653 1 0 _aMujer
710 2 _aOrganización de Cooperación y Desarrollo Económico
_94694
_eed.
902 _aLIB Libro
942 _2CES
_cBK
_h3.3.
999 _c45980
_d45980